The McGraw-Hill handbook of Business letters

Bibliographic Details
Main Author: Poe, Roy W. (Author)
Format: Book
Language:English
Published: Singapore : McGraw-Hill Book Co. 1988
Edition:Second Edition
Subjects:

MARC

LEADER 00000cam a2200000 7i4500
001 0000000388
005 20240919.0
008 991123 enk a eng
020 |a 0071008535 
040 |a INS   |b eng   |e rda 
090 0 0 |a HF5726   |b .P55 1988 
100 1 |a Poe, Roy W. ,   |e author 
245 1 4 |a The McGraw-Hill handbook of Business letters   |c Roy W. Poe 
250 |a Second Edition 
264 1 |a Singapore :   |b McGraw-Hill Book Co.   |c 1988 
300 |a xiv, 306 pages :   |b illustrations ;   |c 26 cm. 
336 |a text  |2 rdacontent 
337 |a unmediated  |2 rdamedia 
338 |a volume  |2 rdacarrier 
500 |a Includes index 
650 0 |a Commercial correspondence   |x Handbooks manuals, etc. 
999 |a 0000004753   |b BOOK   |c Open Shelf   |e Default branch